00297nam a2200097Ia 4500008004100000041000800041100001800049245007600067260003700143999001900180241105s9999 xx 000 0 und d aeng aVichare Purva aZero Energy Design Commercial Retail Building In Warm And Humid Climate bM.Arch Environmental, Punec2014 c360958d360958